Second five-year plan; (Record no. 81560)

MARC details
000 -LEADER
fixed length control field 01187cam a22002771 4500
001 - CONTROL NUMBER
control field sa 68006836
003 - CONTROL NUMBER IDENTIFIER
control field DLC
005 - DATE AND TIME OF LATEST TRANSACTION
control field 20260227112519.0
008 - FIXED-LENGTH DATA ELEMENTS--GENERAL INFORMATION
fixed length control field 711020m19599999ii 000 0 eng
010 ## - LIBRARY OF CONGRESS CONTROL NUMBER
LC control number sa 68006836
040 ## - CATALOGING SOURCE
Original cataloging agency DLC
Transcribing agency DLC
Modifying agency DLC
043 ## - GEOGRAPHIC AREA CODE
Geographic area code a-ii---
050 00 - LIBRARY OF CONGRESS CALL NUMBER
Classification number HJ66.M34
Item number B348
110 1# - MAIN ENTRY--CORPORATE NAME
Corporate name or jurisdiction name as entry element Madras (India : State).
Subordinate unit Finance Department.
245 10 - TITLE STATEMENT
Title Second five-year plan;
Remainder of title programme.
260 ## - PUBLICATION, DISTRIBUTION, ETC.
Place of publication, distribution, etc. Madras,
Name of publisher, distributor, etc. Printed by the Controller of Stationery and Print., on behalf of the Govt. of Madras,
Date of publication, distribution, etc. 1959-
300 ## - PHYSICAL DESCRIPTION
Extent v.
Dimensions 34 cm.
500 ## - GENERAL NOTE
General note Cover title.
500 ## - GENERAL NOTE
General note Imperfect set: t.p. for vol. 4. wanting; title from Indian national bibliography, Jan.-Mar. 1959.
500 ## - GENERAL NOTE
General note Each vol. accompanied by a "narrative note."
500 ## - GENERAL NOTE
General note "Supplement to the detailed budget estimates."
505 1# - FORMATTED CONTENTS NOTE
Formatted contents note --[4] Programme for 1959-60.--[5, pt. 1] Programme for 1960-61.--[5, pt. 2] Revised estimate, 1960-61 and the actuals for four years, 1956-57 to 1959-60.
650 #0 - SUBJECT ADDED ENTRY--TOPICAL TERM
Topical term or geographic name entry element Budget
Geographic subdivision Tamil Nadu.
651 #0 - SUBJECT ADDED ENTRY--GEOGRAPHIC NAME
Geographic name Tamil Nadu (India)
General subdivision Economic policy.
710 1# - ADDED ENTRY--CORPORATE NAME
Corporate name or jurisdiction name as entry element Madras (India : State).
Subordinate unit Finance Department.
Title of a work Demands for grants and detailed budget estimates.

No items available.

Powered by Koha